Just like you and me / (Record no. 6901)
[ view plain ]
| 000 -LEADER | |
|---|---|
| fixed length control field | 01394nam a22003017a 4500 |
| 001 - CONTROL NUMBER | |
| control field | 6901 |
| 003 - CONTROL NUMBER IDENTIFIER | |
| control field | FISKH |
| 005 - DATE AND TIME OF LATEST TRANSACTION | |
| control field | 20250605104052.0 |
| 008 - FIXED-LENGTH DATA ELEMENTS--GENERAL INFORMATION | |
| fixed length control field | 250605b cb ||||| |||| 00| 0 eng d |
| 020 ## - INTERNATIONAL STANDARD BOOK NUMBER | |
| International Standard Book Number | 9780439848312 |
| 040 ## - CATALOGING SOURCE | |
| Original cataloging agency | FISKH |
| Language of cataloging | eng |
| Transcribing agency | FISKH |
| Modifying agency | FISKH |
| 050 ## - LIBRARY OF CONGRESS CALL NUMBER | |
| Classification number | BF671 .M55 |
| 082 ## - DEWEY DECIMAL CLASSIFICATION NUMBER | |
| Classification number | 156 |
| 100 ## - MAIN ENTRY--PERSONAL NAME | |
| Personal name | Miller, David |
| Dates associated with a name | (1943–) |
| 245 ## - TITLE STATEMENT | |
| Title | Just like you and me / |
| Statement of responsibility, etc. | David Miller ; Thomas, Bill |
| 250 ## - EDITION STATEMENT | |
| Edition statement | This edition first published in 1999 |
| 260 ## - PUBLICATION, DISTRIBUTION, ETC. | |
| Place of publication, distribution, etc. | New York : |
| Name of publisher, distributor, etc. | Scholastic, |
| Date of publication, distribution, etc. | 1999 |
| 300 ## - PHYSICAL DESCRIPTION | |
| Extent | 30 unnumbered pages : |
| Other physical details | color illustrations ; |
| Dimensions | 28 cm |
| 505 ## - FORMATTED CONTENTS NOTE | |
| Formatted contents note | G<br/> |
| 520 ## - SUMMARY, ETC. | |
| Summary, etc. | Are you swift like a cheetah, sociable like a penguin, graceful as a dancing crane, or brave as a willy wagtail bird? If you are, you'll find many more within these bright, colorful pages who share these and other kinds of behavior. Here is an exuberant, original exploration of the ties between humans, animals, and their intriguingly similar worlds.David Miller made his debut with the popular Boo to a Goose by Mem Fox. Publishers Weekly praised his cut-paper collage as "stunning", saying it would "have readers poring over the pages in amazement and delight.<br/> |
| 521 8# - TARGET AUDIENCE NOTE | |
| Target audience note | 410<br/> |
| Source | Lexile<br/> |
| 521 8# - TARGET AUDIENCE NOTE | |
| Target audience note | G<br/> |
| Source | Raz-Plus<br/> |
| 650 ## - SUBJECT ADDED ENTRY--TOPICAL TERM | |
| Source of heading or term | Comparisons |
| Topical term or geographic name entry element | Animals |
| 650 ## - SUBJECT ADDED ENTRY--TOPICAL TERM | |
| Source of heading or term | People |
| Topical term or geographic name entry element | Read aloud |
| 700 ## - ADDED ENTRY--PERSONAL NAME | |
| Personal name | Thomas, Bill |
| Dates associated with a name | illustrator |
| 942 ## - ADDED ENTRY ELEMENTS (KOHA) | |
| Source of classification or shelving scheme | Dewey Decimal Classification |
| Koha item type | Books |
| Suppress in OPAC | No |
| Withdrawn status | Lost status | Source of classification or shelving scheme | Damaged status | Not for loan | Collection | Home library | Current library | Shelving location | Date acquired | Total Checkouts | Full call number | Barcode | Date last seen | Copy number | Price effective from | Koha item type |
|---|---|---|---|---|---|---|---|---|---|---|---|---|---|---|---|---|
| Dewey Decimal Classification | Juvenile Fiction | Footprints International School Library Network Toul Tom Poung Campus | Footprints International School Library Network Toul Tom Poung Campus | TTP Primary Dark Blue Bookshelves | 06/05/2025 | MIL 156 BF671 .M55 | 2025-1539 | 06/05/2025 | 1 | 06/05/2025 | Books |
